[Event "LLWestMV2014-15"]
[Site "?"]
[Date "2015.04.26"]
[Round "9.8"]
[White "Suhr, Reinhard"]
[Black "Paetzke, Bernd"]
[Result "1/2-1/2"]
[WhiteElo "1517"]
[BlackElo "1443"]
[PlyCount "52"]
[EventType "team-tourn"]
[EventRounds "9"]
[WhiteTeam "SV Einheit Schwerin"]
[BlackTeam "Putlitzer SV"]

1. e4 c5 2. Nf3 Nc6 3. Bc4 e6 4. Nc3 Nf6 5. e5 Ng4 6. Qe2 d5 7. exd6 Bxd6 8. d3
a6 9. h3 Nge5 10. Bb3 Nd4 11. Nxd4 cxd4 12. Ne4 Bc7 13. O-O O-O 14. Bf4 Ng6 15.
Bd2 Bd7 16. Qh5 Nf4 17. Qf3 Qh4 18. Bxf4 Qxf4 19. Qxf4 Bxf4 20. g3 Bc7 21. Nd2
Bc6 22. Rad1 g6 23. a3 Kg7 24. Nc4 Bf3 25. Rde1 f6 26. Nd2 Bd5 1/2-1/2